000
00303nam a22001457a 4500
020
_a
0-7214-09941-5
082
_a
823
_b
MCC/M
100
_a
MCCULLAGH SHEILA
245
_a
THE MAGIC BOX
250
_a
1
260
_a
ENGLAND
_b
LADYBIRD
300
_a
44
650
_a
ENGLISH STORY
_z
ENGLAND
942
_c
BK
999
_c
1847
_d
1847